00441 a2200121 4500100003100000245006700031300003700098650002000135773005500155942000700210952008500217999001700302 aAGBENORSI, Justice 923461 aEmploy marketing as tool for economic recovery -Prof. Amartey  aMonday, October 2, 2023 Pages 26 aEconomy 9234980 tDaily Graphicx0855-1529dAccra Daily Graphic 2023 cPR 001040718PRaPLbPLcTFWWd2024-01-23l0r2024-01-23 00:00:00w2024-01-23yPR c49034d49034